|
|
|
|
| LEADER |
00000nam0a2200000 4500 |
| 001 |
123605 |
| 005 |
20231101215821.0 |
| 020 |
|
|
|a RU
|b 84-64412
|
| 035 |
|
|
|a (RuTPU)RU\TPU\book\133789
|
| 090 |
|
|
|a 123605
|
| 100 |
|
|
|a 20071022d1984 m y0rusy5003 ca
|
| 101 |
0 |
|
|a rus
|
| 102 |
|
|
|a RU
|
| 105 |
|
|
|a y z 000gy
|
| 200 |
1 |
|
|a Избранное
|e [Стихотворения]
|f Н. И. Тряпкин
|g авт. предисл. В. Кочетков
|
| 210 |
|
|
|a Москва
|c Художественная литература
|d 1984
|
| 215 |
|
|
|a 560 с.
|c 1 л. портр.
|d 20 см
|
| 610 |
1 |
|
|a русская литература
|
| 610 |
1 |
|
|a поэзия
|
| 675 |
|
|
|a Р2
|z rus
|
| 700 |
|
1 |
|a Тряпкин
|b Н. И.
|c русский поэт
|f 1918-1999
|g Николай Иванович
|2 stltpush
|3 (RuTPU)RU\TPU\pers\14874
|9 5027
|
| 702 |
|
1 |
|a Кочетков
|b В.
|4 080
|
| 801 |
|
0 |
|a RU
|b RuMRKP
|c 19950704
|g psbo
|
| 801 |
|
1 |
|a RU
|b 63413507
|c 20071022
|g PSBO
|
| 801 |
|
2 |
|a RU
|b 63413507
|c 20071022
|g PSBO
|
| 942 |
|
|
|c BK
|